00727nam a2200181 a 4500001001000000003000900010005001700019007000300036008004100039040002500080082001700105100004500122245020300167260003900370300002000409500007300429700004300502000032490DO-SdBNP20240305140625.0ta110718s1945 pn r 000 0 spa d aDO-SdBNPbspacBNPHU axxxxxbM236c aMalagón Barceló, Javier,d1911- 199013aLa constitución y las reformas constitucionales de la República Dominicana, en su primer período como nación independiente (1844-1861) /cJavier Malagon Barceló, Malaquías Gil Arantegui. aPanamá :bImpr. Nacional,c1945. a37 p. ;c23 cm. aIncluye referencias bibliográficas y notas al pie de las páginas1 aGil Arantegui, Malaquías,d1912-1988